Little puppy saves the day

Bibliographic Details
Main Author: Pepin, Muriel
Other Authors: Geneste, Marcelle (illustrated)
Format: Book
Published: New York : Reader's Digest , 1992
Series:Little Animal Adventures
Subjects:

MARC

LEADER 00000cam a2200000 7i4500
001 0000009905
002 000010787
005 20000330.0
020 |a 0895774739 
090 0 0 |a JF   |b PEP 
100 1 |a Pepin, Muriel 
245 1 0 |a Little puppy saves the day   |c Muriel Pepin ; illustrated by Marcelle Geneste 
260 |a New York :   |b Reader's Digest ,   |c 1992 
300 |a p.v. :   |b ill. ;   |c 17 cm. 
490 0 |a Little Animal Adventures 
650 0 0 |a Children's stories 
700 1 |a Geneste, Marcelle ,   |e illustrated 
999 |a 041828   |b BUKU   |c PINJAMAN   |e PERPUSTAKAAN KOMUNITI PETALING JAYA